Ludwig's applied process design for chemical and petrochemical plants. (Record no. 5716)
[ view plain ]
| 000 -LEADER | |
|---|---|
| fixed length control field | 01958nac a22003371u 4500 |
| 010 ## - LIBRARY OF CONGRESS CONTROL NUMBER | |
| LC control number | 2006038019 |
| 020 ## - INTERNATIONAL STANDARD BOOK NUMBER | |
| International Standard Book Number | 9780750677660 (v. 1 : alk. paper) |
| 020 ## - INTERNATIONAL STANDARD BOOK NUMBER | |
| International Standard Book Number | 075067766X (v. 1 : alk. paper) |
| 035 ## - SYSTEM CONTROL NUMBER | |
| System control number | (OCoLC)ocm76416589 |
| 035 ## - SYSTEM CONTROL NUMBER | |
| System control number | (OCoLC)76416589 |
| 082 00 - DEWEY DECIMAL CLASSIFICATION NUMBER | |
| Classification number | 660.283 |
| 090 ## - LOCALLY ASSIGNED LC-TYPE CALL NUMBER (OCLC); LOCAL CALL NUMBER (OCLC) | |
| -- | 5716 |
| -- | 5716 |
| 100 ## - MAIN ENTRY--PERSONAL NAME | |
| Personal name | Coker, A. Kayode. |
| 245 10 - TITLE STATEMENT | |
| Title | Ludwig's applied process design for chemical and petrochemical plants. |
| 250 ## - EDITION STATEMENT | |
| Edition statement | 4th ed. / |
| Remainder of edition statement | A. Kayode Coker. |
| 260 ## - PUBLICATION, DISTRIBUTION, ETC. (IMPRINT) | |
| Place of publication, distribution, etc | Amsterdam ; |
| -- | Boston : |
| Name of publisher, distributor, etc | Elsevier Gulf Professional Pub.,2007 |
| Date of publication, distribution, etc | c2007- |
| 300 ## - PHYSICAL DESCRIPTION | |
| Extent | v. <1- > : |
| Other physical details | ill. ; |
| Dimensions | 29 cm. |
| 500 ## - GENERAL NOTE | |
| General note | Rev. ed. of: Applied process design for chemical and petrochemical plants / Ernest E. Ludwig. 3rd ed. c1995-c2001.<br/>Distributer: Baccah |
| 504 ## - BIBLIOGRAPHY, ETC. NOTE | |
| Bibliography, etc | Includes bibliographical references and index. |
| 505 1# - FORMATTED CONTENTS NOTE | |
| Formatted contents note | v. 1. Emphasizes how to apply techniques of process design and interpret results into mechanical equipment details. Rules of thumb -- Process planning, scheduling and flowsheet design -- Cost estimation and economic evaluation -- Physical properties of liquids and gases -- Fluid flow -- Pumping of liquids -- Mechanical separations -- Mixing of liquids -- Ejectors and mechanical vacuum systems -- Process safety and pressure-relieving devices |
| 511 ## - PARTICIPANT OR PERFORMER NOTE | |
| Participant or performer note | Catalogued by: Mesameh |
| 650 #0 - SUBJECT ADDED ENTRY--TOPICAL TERM | |
| Topical term or geographic name as entry element | Chemical processes. |
| 650 #0 - SUBJECT ADDED ENTRY--TOPICAL TERM | |
| Topical term or geographic name as entry element | Chemical plants |
| General subdivision | Equipment and supplies. |
| 650 #0 - SUBJECT ADDED ENTRY--TOPICAL TERM | |
| Topical term or geographic name as entry element | Petroleum industry and trade |
| General subdivision | Equipment and supplies. |
| 700 1# - ADDED ENTRY--PERSONAL NAME | |
| Personal name | Ludwig, Ernest E. |
| 856 41 - ELECTRONIC LOCATION AND ACCESS | |
| Materials specified | Table of contents only |
| Uniform Resource Identifier | <a href="http://www.loc.gov/catdir/toc/ecip074/2006038019.html">http://www.loc.gov/catdir/toc/ecip074/2006038019.html</a> |
| 856 41 - ELECTRONIC LOCATION AND ACCESS | |
| Materials specified | Publisher description |
| Uniform Resource Identifier | <a href="http://www.loc.gov/catdir/enhancements/fy0703/2006038019-d.html">http://www.loc.gov/catdir/enhancements/fy0703/2006038019-d.html</a> |
| 942 ## - ADDED ENTRY ELEMENTS (KOHA) | |
| Item type | Book - Borrowing |
| Call number prefix | 660.283COK |
| Withdrawn status | Item status | Damaged status | Not for loan | Home library | Current library | Shelving location | Date acquired | Source of acquisition | Total Checkouts | Full call number | Barcode | Date last seen | Date last borrowed | Koha item type | Source of classification or shelving scheme | Vendor | Cost, normal purchase price | Serial Enumeration / chronology |
|---|---|---|---|---|---|---|---|---|---|---|---|---|---|---|---|---|---|---|
| Central Library | Central Library | First floor | 04/11/2007 | Purchase | 1 | 660.283COK | 000007494 | 15/07/2025 | 24/02/2013 | Book - Borrowing | ||||||||
| Central Library | Central Library | First floor | 03/05/2009 | 660.283COK | 000016291 | 15/07/2025 | NB - Book (Non borrowing) | Dewey Decimal Classification | Baccah | 1380.00 | 6992 |